000 00329 a2200109 4500
001 ART_11183
005 20260410161855.0
008 260409a
245 1 0 _a¿Ha fracasado en el cono Sur la economía de mercado?
100 1 _aTagle, Manuel
773 0 _tRevista de Economía
_g- Nº 36 (mar. 1983)
_wREV11077
999 _c25377
_d25377